Paroles : Belle demoiselle - Christophe Maé - Statistiques

Statistiques générales
  • Ce quiz a été pris 136 fois
  • Le résultat moyen est 195 sur 251
Statistiques - réponses
Réponse % Correct
Belle
100%
belle
100%
de
100%
demoiselle
100%
à
98%
Je
98%
je
98%
Se
98%
se
98%
ma
96%
me
96%
des
94%
Si
93%
un
93%
Qui
92%
qui
92%
Une
92%
une
92%
et
91%
La
91%
la
91%
Sa
91%
comme
90%
Comme
90%
dans
90%
elle
90%
donne
88%
ailes
87%
pas
87%
m'approche
86%
au
85%
démarche
85%
d'elle
84%
jamais
82%
lui
81%
Mais
81%
s'envole
81%
rue
80%
hirondelle
79%
pour
79%
Pour
79%
regarde
79%
Du
78%
Le
78%
mes
78%
yeux
78%
nus
77%
Jour
76%
l'allée
76%
fille
75%
mon
75%
fête
74%
aigu
73%
Aucun
73%
c'est
73%
C'est
73%
doute
73%
presse
73%
dire
72%
les
72%
nationale
72%
silhouette
72%
sourire
72%
bruit
71%
fond
70%
garde
70%
baisse
69%
j'ose
69%
hauteur
67%
m'emballer
67%
rapproche
67%
tête
65%
cet
64%
moral
63%
domine
60%
ça
59%
j'ai
59%
dieu
57%
sans
56%
Alors
55%
aveu
55%
plaire
55%
nuage
52%
l'air
49%
S'éloigne
49%
bon
48%
grave
48%
Pourtant
48%
être
47%
fait
47%
vraiment
46%
fidèle
45%
l'effet
45%
escadrille
44%
quand
42%
s'bouscule
41%
sur
40%
Merci
39%
parfait
39%
Inaccessible
38%
même
37%
n'suis
37%
tire
37%
trait
37%
peut
34%
Qu'ai-je
34%
Dopé
33%
milieu
32%
Disparaît
30%
Ronflante
30%
distraire
28%
fantasme
27%
calcule
26%
Aucun quiz correspondant
Distribution des résultats
% des personnes avec chaque résultat
Percentile par nombre de réponses
Votre historique - résultats
Vous n’avez pas pris ce quiz